| 000 | 00630cam a22002411 4500 | ||
|---|---|---|---|
| 001 | sa 68007294 | ||
| 003 | DLC | ||
| 005 | 20260227112522.0 | ||
| 008 | 890612s1965 ii d 000 0 asmo | ||
| 010 | _asa 68007294 | ||
| 035 | _a(OCoLC)19852880 | ||
| 040 |
_aDLC _cWaU _dDLC |
||
| 041 | 0 | _aasmhin | |
| 042 | _apremarc | ||
| 050 | 0 | 0 |
_aPK1937 _b.H45 |
| 245 | 0 | 0 | _aHindī-Asamīyā kośa. |
| 260 | _c1965 | ||
| 300 |
_a1002, 6 p. _c19 cm. |
||
| 500 | _aAssamese and Hindi. | ||
| 650 | 0 |
_aHindi language _vDictionaries. |
|
| 650 | 0 |
_aHindi language _xDictionaries _xAssamese. |
|
| 710 | 2 | _aAsom Rastra Bhasha Prachar Samiti. | |
| 999 |
_c81786 _d81786 |
||